01074nac a22002411u 4500010001600000082001500016090001500031100003400046245016900080260006800249300002900317500004600346500002700392504005100419511002800470650004700498650005100545700004100596710005200637942001900689999001500708952010900723 a 7700421400a620.110911 c7320d7320 a20080729 00aMaterials engineering in the Arctic :bproceedings of an international conference, St. Jovite, Quebec, Canada, September 27-October 1, 1976 /cedited by M. B. Ives. aMetals Park, Ohio :bAmerican Society for Metals,c1977.cc1977. a331 p. :bill. ;c29 cm. aSponsored by the Canadian Council of ASM. aDistributer: Al-Ahram. aIncludes bibliographical references and index. aCatalogued By: Mahitab. 0aMaterials at low temperaturesxCongresses. 0aCivil engineeringzArctic regionsxCongresses.1 aIves, M. B.q(Michael Brian),d1934-2 aAmerican Society for Metals.bCanadian Council. cBBk620.110911 c7320d7320 00104070aMAINbMAINc1STd2008-01-21ePurchasel0o620.110911 MATp000008690r2025-07-15 00:00:00yBB